Vista normal Vista MARC

Entrada Personal Name

Número de registros utilizados en: 1

001 - CONTROL NUMBER

  • control field: 38196

003 - CONTROL NUMBER IDENTIFIER

  • control field: OSt

005 - DATE AND TIME OF LATEST TRANSACTION

  • control field: 20210608133752.0

008 - FIXED-LENGTH DATA ELEMENTS

  • fixed length control field: 210608|| aca||aabn | a|a d

040 ## - CATALOGING SOURCE

  • Original cataloging agency: OSt
  • Transcribing agency: OSt

100 ## - HEADING--PERSONAL NAME

  • Personal name: Bradford, D.

670 ## - SOURCE DATA FOUND

  • Source citation: Work cat.: (OSt)8024: Baumol, William J., 16116 autor, La teoría de la política económica del medio ambiente / , 1982